Normal view
MARC view
- Osama Sandhu
Entry Personal Name
001 - CONTROL NUMBER
- control field: 16668
003 - CONTROL NUMBER IDENTIFIER
- control field: NUST
005 - DATE AND TIME OF LATEST TRANSACTION
- control field: 20190704061134.0
008 - FIXED-LENGTH DATA ELEMENTS
- fixed length control field: 190704|| aca||aabn | a|a d
040 ## - CATALOGING SOURCE
- Original cataloging agency: NUST
- Transcribing agency: NUST
100 ## - HEADING--PERSONAL NAME
- Personal name: Osama Sandhu
670 ## - SOURCE DATA FOUND
- Source citation: Work cat.: (NUST): Osama Sandhu, Determining the urban heat island index using satellite and ground-based observations over Islamabad (2000-2017), 2019
